Patrimonio cultural, turismo y recreación: el espacio vivido de los bahienses desde una perspectiva geográfica /

Guardado en:
Autor Principal: Pinassi, Andrés
Formato: Libro
Publicado: Bahía Blanca : Ediuns, 2017
Series:Extensión. Estudios Sociales y Humanidades
Materias:
Etiquetas: Agregar Etiqueta
Sin Etiquetas, Sea el primero en etiquetar este registro!
LEADER 01246nam a22002295a 4500
001 CEM.cems014940
005 20180523163440.0
008 130507s2017##################000#0#####d
003 CEMS
020 |a 9789876551618 
082 0 4 |a 918.21 
100 1 |a Pinassi, Andrés 
245 1 0 |a Patrimonio cultural, turismo y recreación: el espacio vivido de los bahienses desde una perspectiva geográfica /  |c Andrés Pinassi 
260 |a Bahía Blanca :  |b Ediuns,  |c 2017 
300 |a 398 p. 
490 0 |a Extensión. Estudios Sociales y Humanidades 
505 0 |a La geografía del turismo y su objeto de estudio -- Espacio vivido y espacio vivido patrimonial: aportes para su conceptualización -- Patrimonio cultural, identidad y turismo -- Bahía Blanca como territorio bajo estudio -- Los espacios bahienses de relevancia histórica -- El espacio turístico-recreativo a escala local -- Análisis de la planificación urbana en Bahía Blanca -- Representación urbana y valorización de espacios patrimoniales y recreativos -- Algunos comentarios y nuevas perspectivas de análisis 
653 |a Geografía 
653 |a Geografía bahía blanca 
653 |a Turismo 
653 |a Cultura 
859 |a CEMS  |b BIB. CEMS - 11 de abril  |h 918.21  |i P651  |p 27529.18  |t Ej.1